<?xml version="1.0" encoding="UTF-8"?>
<record
    xmlns:xsi="http://www.w3.org/2001/XMLSchema-instance"
    xsi:schemaLocation="http://www.loc.gov/MARC21/slim http://www.loc.gov/standards/marcxml/schema/MARC21slim.xsd"
    xmlns="http://www.loc.gov/MARC21/slim">

  <leader>01808nam a2200289uu 4500</leader>
  <controlfield tag="001">1318962</controlfield>
  <controlfield tag="005">20260508075451.0</controlfield>
  <controlfield tag="008">130308s2012                        spa  </controlfield>
  <datafield tag="020" ind1=" " ind2=" ">
    <subfield code="a">9789588366579</subfield>
  </datafield>
  <datafield tag="035" ind1=" " ind2=" ">
    <subfield code="a">1318962</subfield>
  </datafield>
  <datafield tag="040" ind1=" " ind2=" ">
    <subfield code="c">comduadb</subfield>
  </datafield>
  <datafield tag="041" ind1=" " ind2=" ">
    <subfield code="a">spa</subfield>
  </datafield>
  <datafield tag="082" ind1=" " ind2="4">
    <subfield code="a">658</subfield>
  </datafield>
  <datafield tag="100" ind1="1" ind2="0">
    <subfield code="a">Bustamante Garc&#xED;a, Hern&#xE1;n Carlos</subfield>
    <subfield code="4">com</subfield>
    <subfield code="e">com</subfield>
    <subfield code="9">385800</subfield>
  </datafield>
  <datafield tag="245" ind1="1" ind2="0">
    <subfield code="a">Responsabilidad social empresaria : miradas plurales, un inter&#xE9;s singular</subfield>
  </datafield>
  <datafield tag="250" ind1=" " ind2=" ">
    <subfield code="a">1. ed.</subfield>
  </datafield>
  <datafield tag="260" ind1=" " ind2=" ">
    <subfield code="a">Medell&#xED;n :</subfield>
    <subfield code="b">Universidad Aut&#xF3;noma Latinoamericana (Unaula),</subfield>
    <subfield code="c">2012.</subfield>
  </datafield>
  <datafield tag="300" ind1=" " ind2=" ">
    <subfield code="a">257 p&#xE1;ginas</subfield>
  </datafield>
  <datafield tag="490" ind1="0" ind2=" ">
    <subfield code="a">Pensamiento Latinoamericano</subfield>
  </datafield>
  <datafield tag="520" ind1="3" ind2=" ">
    <subfield code="a">La Responsabilidad Social Empresarial lleg&#xF3; para quedarse. Y se instal&#xF3;, definitivamente, en el centro de la escena. Atraviesa las organizaciones, alcanza a ciudadanos, profesionales, trabajadores, consumidores, acad&#xE9;micos y l&#xED;deres, de cualquier &#xE1;rea e injerencia. L&#xED;deres comunitarios, de la cultura, el espect&#xE1;culo o las artes. La educaci&#xF3;n y la ciencia. De los medios y la tecnolog&#xED;a. Y tambi&#xE9;n, a aquellos que trabajan en silencio, cada d&#xED;a, como eslab&#xF3;n de una cadena que se moviliza para salvaguardar el mundo. Un libro b&#xE1;sico en medio de la emergencia de la agenda internacional. RSE: Miradas plurales, un inter&#xE9;s singular logra, de manera in&#xE9;dita, reflexionar acerca del tema en el marco iberoamericano. Incluye autores de distintos pa&#xED;ses y variadas formaciones, en una mirada transversal de la responsabilidad social empresarial en el mundo de hoy.</subfield>
  </datafield>
  <datafield tag="650" ind1=" " ind2=" ">
    <subfield code="a">Participaci&#xF3;n empresarial</subfield>
    <subfield code="9">21350</subfield>
  </datafield>
  <datafield tag="650" ind1=" " ind2="7">
    <subfield code="a">Responsabilidad empresarial</subfield>
    <subfield code="2">embne</subfield>
    <subfield code="9">38773</subfield>
  </datafield>
  <datafield tag="650" ind1=" " ind2="7">
    <subfield code="a">Responsabilidad social</subfield>
    <subfield code="2"></subfield>
    <subfield code="9">18317</subfield>
  </datafield>
  <datafield tag="650" ind1=" " ind2="7">
    <subfield code="a">Responsabilidad social empresarial</subfield>
    <subfield code="2">armarc</subfield>
    <subfield code="9">217330</subfield>
  </datafield>
  <datafield tag="700" ind1="1" ind2="0">
    <subfield code="a">Lattuada, Paola</subfield>
    <subfield code="4">edt</subfield>
    <subfield code="e">edt</subfield>
    <subfield code="9">668176</subfield>
  </datafield>
  <datafield tag="942" ind1=" " ind2=" ">
    <subfield code="c">BOOK</subfield>
  </datafield>
  <datafield tag="999" ind1=" " ind2=" ">
    <subfield code="c">638641</subfield>
    <subfield code="d">638641</subfield>
  </datafield>
  <datafield tag="952" ind1=" " ind2=" ">
    <subfield code="0">0</subfield>
    <subfield code="1">0</subfield>
    <subfield code="4">0</subfield>
    <subfield code="7">0</subfield>
    <subfield code="8">GEN</subfield>
    <subfield code="a">BC</subfield>
    <subfield code="b">BC</subfield>
    <subfield code="d">2013-03-08</subfield>
    <subfield code="e">Material adquirido por canje</subfield>
    <subfield code="i">C1169276</subfield>
    <subfield code="l">0</subfield>
    <subfield code="o">658.408 B982</subfield>
    <subfield code="p">0971879</subfield>
    <subfield code="r">2023-05-02 00:00:00</subfield>
    <subfield code="t">1</subfield>
    <subfield code="w">2023-05-02</subfield>
    <subfield code="y">BOOK</subfield>
  </datafield>
</record>
